Largest Cities by Northeastern State - Statistics

General Stats
  • This quiz has been taken 25 times
    8 since last reset
  • The average score is 73 of 110
Answer Stats
State Population Answer % Correct
102,671 Albany
100%
127,841 Allentown
100%
Maryland 560,812 Baltimore
100%
Massachusetts 691,168 Boston
100%
Connecticut 153,542 Bridgeport
100%
276,146 Buffalo
100%
Vermont 44,275 Burlington
100%
124,928 Cambridge
100%
44,862 Concord
100%
34,721 | 40,583 Dover
100%
145,149 Elizabeth
100%
91,970 Erie
100%
95,477 Fall River
100%
50,927 Harrisburg
100%
10,499 | 122,959 Hartford
100%
312,042 Jersey City
100%
122,948 Lowell
100%
New Hampshire 117,774 Manchester
100%
30,460 | 333,459 Newark
100%
101,940 New Bedford
100%
New York 8,346,955 New York City
100%
164,315 Paterson
100%
Pennsylvania 1,560,480 Philadelphia
100%
310,103 Pittsburgh
100%
Maine 69,970 Portland
100%
Rhode Island 196,657 Providence
100%
105,694 Quincy
100%
205,477 | 33,748 Rochester
100%
156,224 Springfield
100%
140,964 Stamford
100%
145,678 Syracuse
100%
Delaware 74,343 Wilmington
100%
215,436 Worcester
100%
211,062 Yonkers
100%
32,538 Bangor
83%
106,892 Brockton
83%
89,990 Danbury
83%
65,798 Greenwich
83%
106,731 Lynn
83%
93,297 Nashua
83%
141,686 New Haven
83%
95,043 Norwalk
83%
27,082 South Portland
83%
92,813 Trenton
83%
83,900 Warwick
83%
116,917 Waterbury
83%
40,605 Annapolis
67%
81,326 Bethlehem
67%
85,286 Cranston
67%
48,415 East Providence
67%
113,208 Edison Township
67%
11,487 Essex
67%
10,887 Essex Junction
67%
95,108 Frederick
67%
44,104 Hagerstown
67%
58,690 Lancaster
67%
38,898 Lewiston
67%
77,335 New Britain
67%
88,163 New Rochelle
67%
35,613 North Providence
67%
77,50 Pawtucket
67%
96,508 Reading
67%
70,069 Schenectady
67%
75,767 Scranton
67%
22,462 South Burlington
67%
45,469 York
67%
58,518 Bowie
50%
34,644 College Park
50%
67,470 Fairfield
50%
71,290 Gaithersburg
50%
8,550 Georgetown
50%
145,783 Lakewood Township
50%
26,833 Middletown
50%
71,218 Mount Vernon
50%
68,957 Rockville
50%
15,457 Rutland
50%
31,913 Salem
50%
13,505 Smyrna
50%
45,181 Woonsocket
50%
22,026 Biddeford
33%
11,707 Brattleboro
33%
22,751 Brunswick
33%
38,593 Cumberland
33%
34,156 Derry
33%
27,461 Londonderry
33%
33,938 Salisbury
33%
101,061 Toms River Township
33%
64,045 White Plains
33%
108,905 Woodbridge Township
33%
14,969 Bennington
17%
18,137 Colchester
17%
36,395 Coventry
17%
6,239 Elsmere
17%
96,013 Hamilton Township
17%
26,151 Hudson
17%
30,365 Laurel
17%
30,251 Merrimack
17%
15,463 Milford
17%
8,324 Millsboro
17%
22,805 Sanford
17%
32,148 South Kingstown
17%
25,622 Auburn
0%
10,858 Milton
0%
24,450 Scarborough
0%
9,437 Seaford
0%
22,772 Westbrook
0%
No matching quizzes found
Score Distribution
Percent of People with Each Score
Percentile by Number Answered
Your Score History
You have not taken this quiz since the last reset